[Event "Toronto op"]
[Site "Toronto CAN"]
[Date "1995.04.16"]
[Round "6"]
[White "Hergott, Deen"]
[Black "Southam, Todd"]
[Result "1-0"]
[WhiteElo "2565"]
[BlackElo "2340"]
[PlyCount "127"]
[EventDate "1995.04.14"]
[EventType "swiss"]
[EventRounds "6"]
[EventCountry "CAN"]

1. d4 Nf6 2. Bg5 d5 3. Nd2 c5 4. dxc5 Na6 5. e4 Nxc5 6. Bxf6 gxf6 7. Qh5 f5 8.
Ngf3 Bg7 9. exd5 O-O 10. Bc4 b5 11. Bxb5 Qxd5 12. O-O Ne4 13. c4 Qd6 14. Nxe4
fxe4 15. Rad1 Qf4 16. Qg5 Qxg5 17. Nxg5 Bf5 18. Rfe1 Bxb2 19. Bd7 Bxd7 20. Rxd7
f5 21. Ne6 Rfc8 22. Nc7 Rd8 23. Red1 Rxd7 24. Rxd7 Rc8 25. Rxe7 Bf6 26. Nd5
Rxc4 27. Nxf6+ Kf8 28. Re8+ Kf7 29. g4 Kxf6 30. Rf8+ Kg5 31. Rxf5+ Kxg4 32. Ra5
Rc1+ 33. Kg2 Rc2 34. h3+ Kf4 35. Rxa7 e3 36. Rf7+ Ke5 37. Re7+ Kf6 38. Rxe3
Rxa2 39. Kg3 Ra4 40. f4 Rb4 41. Ra3 Rb6 42. Kg4 Rc6 43. Ra7 Kg6 44. Ra5 Rb6 45.
h4 Rc6 46. h5+ Kh6 47. Ra7 Rb6 48. Re7 Ra6 49. Kf5 Ra5+ 50. Kf6 Rxh5 51. f5 Rh1
52. Re2 Kh5 53. Ke6 Kg4 54. f6 h5 55. Rg2+ Kf3 56. Rg5 Re1+ 57. Re5 Rxe5+ 58.
Kxe5 h4 59. f7 h3 60. f8=Q+ Kg2 61. Qa8+ Kg1 62. Kf4 h2 63. Kg3 h1=N+ 64. Kf3
1-0

[Event "Paradoxicon op"]
[Site "Ottawa CAN"]
[Date "1995.03.19"]
[Round "4"]
[White "Pacey, Kevin"]
[Black "Hergott, Deen"]
[Result "0-1"]
[WhiteElo "2285"]
[BlackElo "2445"]
[PlyCount "102"]
[EventDate "1995.03.18"]
[EventType "swiss"]
[EventRounds "5"]
[EventCountry "CAN"]

1. e4 c5 2. Nf3 Nc6 3. d4 cxd4 4. Nxd4 g6 5. c4 Bg7 6. Nc2 d6 7. Be2 Be6 8. O-O
Rc8 9. Nc3 Bxc3 10. bxc3 Nf6 11. Nd4 O-O 12. Bh6 Re8 13. Nxe6 fxe6 14. Bg4 Qd7
15. Bh3 Nd8 16. e5 dxe5 17. Re1 Qxd1 18. Raxd1 Rc6 19. g3 Nf7 20. Be3 b6 21. c5
bxc5 22. Rb1 e4 23. Rb7 Ne5 24. Reb1 Nf3+ 25. Kg2 Nd5 26. Rxa7 Nxe3+ 27. fxe3
Rd6 28. Rb2 Red8 29. Rxe7 Rd2+ 30. Rxd2 Rxd2+ 31. Kf1 Nxh2+ 32. Ke1 Nf3+ 33.
Kf1 Kf8 34. Ra7 Ng5 35. Bg2 Rc2 36. a4 Rxc3 37. a5 Rxe3 38. Rc7 Ra3 39. Rxc5 h6
40. Re5 Ke7 41. Rb5 Ra1+ 42. Kf2 Ra2+ 43. Kf1 Kf6 44. Kg1 e5 45. Rb6+ Kf5 46.
a6 e3 47. Bb7 Ra1+ 48. Kg2 e2 49. Bc8+ Ke4 50. Rb4+ Ke3 51. Rb3+ Kd4 0-1

[Event "Paradoxicon op"]
[Site "Ottawa CAN"]
[Date "1995.03.19"]
[Round "5"]
[White "Hergott, Deen"]
[Black "Fodor, John"]
[Result "1-0"]
[WhiteElo "2445"]
[BlackElo "1967"]
[PlyCount "65"]
[EventDate "1995.03.18"]
[EventType "swiss"]
[EventRounds "5"]
[EventCountry "CAN"]

1. d4 Nf6 2. Bg5 e6 3. e4 h6 4. Bxf6 Qxf6 5. Nf3 c5 6. e5 Qe7 7. d5 exd5 8. Nc3
d4 9. Nd5 Qd8 10. Bd3 Be7 11. Qe2 Qa5+ 12. Nd2 b5 13. Bxb5 Bb7 14. Bc4 Bg5 15.
f4 Bh4+ 16. g3 Bd8 17. O-O Ba6 18. f5 O-O 19. e6 Bg5 20. exf7+ Kh8 21. Ne4 Bxc4
22. Qxc4 Nc6 23. Nxg5 hxg5 24. f6 gxf6 25. Rxf6 Qd2 26. Rf2 Ne5 27. Qa6 Qxf2+
28. Kxf2 Rxf7+ 29. Kg2 Raf8 30. Qh6+ Kg8 31. Qxg5+ Kh7 32. Qh5+ Kg8 33. Qxe5
1-0

[Event "Toronto ch?"]
[Site "Toronto CAN"]
[Date "1995.02.??"]
[Round "4"]
[White "Hergott, Deen"]
[Black "Nickoloff, Bryon"]
[Result "1/2-1/2"]
[WhiteElo "2548"]
[BlackElo "2467"]
[PlyCount "22"]
[EventDate "1995.02.??"]
[EventRounds "11"]
[EventCountry "CAN"]

1. d4 Nf6 2. c4 e6 3. Nf3 Bb4+ 4. Bd2 c5 5. g3 Qb6 6. Bxb4 Qxb4+ 7. Qd2 Nc6 8.
Nc3 cxd4 9. Nb5 Qxd2+ 10. Kxd2 Ke7 11. Nbxd4 Nxd4 1/2-1/2

[Event "Arnprior op"]
[Site "Arnprior CAN"]
[Date "1995.??.??"]
[Round "2"]
[White "Littke, Adam"]
[Black "Hergott, Deen"]
[Result "0-1"]
[WhiteElo "2310"]
[BlackElo "2445"]
[PlyCount "110"]
[EventDate "1995.??.??"]
[EventType "swiss"]
[EventRounds "5"]
[EventCountry "CAN"]

1. d4 e6 2. c4 Bb4+ 3. Bd2 Qe7 4. Nf3 f5 5. a3 Bxd2+ 6. Qxd2 Nf6 7. Nc3 b6 8.
g3 Ba6 9. b3 Ne4 10. Qc2 Nxc3 11. Qxc3 O-O 12. Bg2 c6 13. O-O d6 14. Qe3 Bb7
15. Rfd1 Nd7 16. d5 cxd5 17. Nd4 e5 18. cxd5 f4 19. gxf4 Rxf4 20. Ne6 Rg4 21.
Qh3 Rg6 22. Kh1 Nc5 23. Nxc5 bxc5 24. Be4 Bc8 25. Qe3 Rh6 26. Rg1 Qh4 27. Rg2
Bh3 28. Rag1 Bxg2+ 29. Rxg2 Rf8 30. Kg1 Qf4 31. Qxf4 Rxf4 32. f3 Rhf6 33. b4
cxb4 34. axb4 Rf8 35. e3 R4f7 36. Ra2 Rb8 37. Ra4 g6 38. Kf2 Rc7 39. Bd3 Kf7
40. f4 Kf6 41. Kf3 Rc3 42. Ke4 exf4 43. exf4 Rc7 44. Kd4 Re8 45. Ra6 Rd8 46.
Ra1 Rb8 47. b5 Rf7 48. Rg1 Ke7 49. Ke3 Kd7 50. Ra1 Kc8 51. h4 Kb7 52. Ra4 Re8+
53. Kf2 Rc8 54. Kg3 Rc3 55. Rd4 Kb6 0-1

[Event "Arnprior op"]
[Site "Arnprior CAN"]
[Date "1995.??.??"]
[Round "3"]
[White "Hergott, Deen"]
[Black "Taylor, Gordon"]
[Result "1-0"]
[WhiteElo "2445"]
[BlackElo "2340"]
[PlyCount "95"]
[EventDate "1995.??.??"]
[EventType "swiss"]
[EventRounds "5"]
[EventCountry "CAN"]

1. Nf3 Nf6 2. c4 e6 3. g3 d5 4. b3 Be7 5. Bg2 O-O 6. O-O c5 7. Bb2 b6 8. Nc3
Bb7 9. e3 dxc4 10. bxc4 Nc6 11. Qe2 Nb4 12. Rab1 Qd3 13. Qxd3 Nxd3 14. Ba1 Rad8
15. Nb5 Rd7 16. Rb3 Rfd8 17. a3 a6 18. Nc3 Bxf3 19. Bxf3 Ne5 20. Be2 b5 21.
cxb5 c4 22. Rbb1 Bxa3 23. bxa6 Nd3 24. Nb5 Bc5 25. Bd4 Bxd4 26. Nxd4 Ne4 27.
Bxd3 cxd3 28. Rb2 Ra8 29. Nc6 g6 30. Ra1 Rc7 31. a7 Rxc6 32. Rb8+ Rc8 33. Rxc8+
Rxc8 34. a8=Q Rxa8 35. Rxa8+ Kg7 36. Ra2 e5 37. f3 Ng5 38. Kf2 e4 39. fxe4
Nxe4+ 40. Ke1 Ng5 41. h4 Nf3+ 42. Kf2 Ne5 43. Ra4 h5 44. e4 Ng4+ 45. Kf3 Kf6
46. Kf4 Ke6 47. Ra6+ Ke7 48. Ra3 1-0

[Event "Gatineau op"]
[Site "Hull CAN"]
[Date "1995.??.??"]
[Round "3"]
[White "Hergott, Deen"]
[Black "Djerkovic, Miladin"]
[Result "1/2-1/2"]
[WhiteElo "2445"]
[BlackElo "2265"]
[PlyCount "82"]
[EventDate "1995.??.??"]
[EventType "swiss"]
[EventRounds "5"]
[EventCountry "CAN"]

1. Nf3 Nf6 2. c4 g6 3. Nc3 Bg7 4. d4 d6 5. e4 O-O 6. Be2 e5 7. O-O Nc6 8. d5
Ne7 9. b4 a5 10. Ba3 axb4 11. Bxb4 Ne8 12. c5 f5 13. Ng5 dxc5 14. Bxc5 Nd6 15.
Qb3 fxe4 16. Rad1 Kh8 17. Bxd6 cxd6 18. Ngxe4 Nf5 19. Qb4 Qa5 20. Rb1 Rd8 21.
Qxa5 Rxa5 22. Rb6 Bf8 23. Rfb1 h6 24. a4 Kg7 25. Nd2 Rc5 26. Nde4 Ra5 27. g3
Be7 28. h4 Nd4 29. Bd1 Nf5 30. h5 g5 31. Kh2 Nd4 32. R1b4 Kf8 33. f4 gxf4 34.
gxf4 Nf5 35. fxe5 dxe5 36. R4b5 Rxb5 37. axb5 Nd6 38. Nxd6 Rxd6 39. Rxd6 Bxd6
40. Ne4 Ke7 41. Kg3 Bf5 1/2-1/2

[Event "Marshall CC"]
[Site "New York USA"]
[Date "1995.??.??"]
[Round "1"]
[White "Hergott, Deen"]
[Black "Bonin, Jay"]
[Result "1/2-1/2"]
[WhiteElo "2480"]
[BlackElo "2380"]
[PlyCount "34"]
[EventDate "1995.??.??"]
[EventType "swiss"]
[EventRounds "5"]
[EventCountry "USA"]

1. d4 d5 2. Nf3 Nf6 3. c4 e6 4. g3 dxc4 5. Bg2 Nc6 6. O-O Rb8 7. Nc3 Bb4 8. e4
Bxc3 9. bxc3 Nxe4 10. Ne5 Nxe5 11. Bxe4 Nd7 12. Ba3 Nf6 13. Bg2 b5 14. Rb1 a6
15. Bc6+ Bd7 16. Bf3 Bc8 17. Bc6+ Bd7 1/2-1/2

[Event "Marshall CC"]
[Site "New York USA"]
[Date "1995.??.??"]
[Round "4"]
[White "Hergott, Deen"]
[Black "Remlinger, Larry"]
[Result "1/2-1/2"]
[WhiteElo "2480"]
[BlackElo "2465"]
[PlyCount "108"]
[EventDate "1995.??.??"]
[EventType "swiss"]
[EventRounds "5"]
[EventCountry "USA"]

1. Nf3 Nf6 2. d4 g6 3. g3 Bg7 4. Bg2 O-O 5. O-O d6 6. a4 Nbd7 7. a5 a6 8. Nc3
e5 9. e4 Re8 10. Re1 Rb8 11. b3 h6 12. Bb2 Nh7 13. dxe5 dxe5 14. Qd2 Nhf8 15.
Rad1 Ne6 16. Nd5 Kh7 17. Qc1 c5 18. Qa1 Nd4 19. Nxd4 cxd4 20. f4 f6 21. c3 exf4
22. gxf4 b6 23. cxd4 Bb7 24. e5 bxa5 25. Bc3 Nb6 26. Nxb6 Bxg2 27. Kxg2 Qxb6
28. Qa4 Rec8 29. Bxa5 Qe6 30. Rd3 Qg4+ 31. Kh1 Qxf4 32. Bd2 Qf5 33. Qxa6 fxe5
34. dxe5 Rd8 35. Rxd8 Rxd8 36. Qe2 Qe6 37. Qg2 Qxb3 38. e6 Qa2 39. Bb4 Qc4 40.
e7 Re8 41. Bd6 Qd4 42. Qc6 Qf2 43. Bg3 Qf7 44. Qc5 Bf6 45. Rf1 Qxe7 46. Qxe7+
Bxe7 47. Re1 Kg8 48. Bd6 Kf7 49. Bxe7 Rxe7 50. Rf1+ Kg7 51. Kg2 Re3 52. h4 Re6
53. Kg3 Rf6 54. Ra1 Rb6 1/2-1/2

[Event "Ottawa op"]
[Site "Ottawa CAN"]
[Date "1995.??.??"]
[Round "?"]
[White "Hergott, Deen"]
[Black "Cote, Jacques"]
[Result "1/2-1/2"]
[WhiteElo "2552"]
[BlackElo "2242"]
[PlyCount "162"]
[EventDate "1995.??.??"]
[EventType "swiss"]
[EventRounds "5"]
[EventCountry "CAN"]

1. d4 f5 2. g3 Nf6 3. Bg2 e6 4. c4 d5 5. Nf3 c6 6. b3 Bd6 7. O-O Qe7 8. Bf4
Bxf4 9. gxf4 O-O 10. Qc1 b6 11. Qa3 Qxa3 12. Nxa3 Bb7 13. Rfc1 Nbd7 14. b4 Rfc8
15. Ng5 Nf8 16. b5 h6 17. bxc6 Bxc6 18. Nf3 Ng6 19. e3 Ne4 20. Bf1 Bb7 21. cxd5
exd5 22. Nb5 Rxc1 23. Rxc1 a6 24. Na3 Rc8 25. Rxc8+ Bxc8 26. Nc2 Nc3 27. a3 a5
28. Bd3 Ne7 29. Ne5 Kf8 30. f3 Ke8 31. Kf2 Bd7 32. Nxd7 Kxd7 33. Ke1 Kc6 34.
Kd2 Na4 35. e4 fxe4 36. fxe4 dxe4 37. Bxe4+ Kd6 38. Ne3 b5 39. Bd3 b4 40. axb4
axb4 41. Kc2 Nc3 42. Kb3 Ncd5 43. Nc4+ Ke6 44. Be4 Nf5 45. Nb2 Nxf4 46. Kxb4
Nxd4 47. Kc4 Ke5 48. Bb7 Nde2 49. Nd3+ Kf5 50. Nf2 g5 51. Bc8+ Kg6 52. Kb3 h5
53. Kc2 Nd4+ 54. Kd1 Nf3 55. h3 Kf6 56. Bb7 Ng1 57. Bc8 Ke5 58. Ke1 Kd4 59. Kf1
Nf3 60. Bb7 Nd5 61. Kg2 Ne5 62. Nh1 Nf4+ 63. Kh2 Ke3 64. Ng3 Nf3+ 65. Bxf3 Kxf3
66. Nf5 Kf2 67. Nd6 Ne6 68. Ne4+ Kf3 69. Nd2+ Ke2 70. Ne4 h4 71. Kg2 Ke3 72.
Nf6 Nf4+ 73. Kh2 Kf3 74. Nh7 Ne6 75. Nf6 Kf4 76. Nd5+ Ke4 77. Nf6+ Kf5 78. Ng4
Nf4 79. Ne3+ Ke4 80. Ng4 Kd5 81. Ne3+ Ke4 1/2-1/2

[Event "Ottawa op"]
[Site "Ottawa CAN"]
[Date "1995.??.??"]
[Round "1"]
[White "Hergott, Deen"]
[Black "Cote, Jacques"]
[Result "1-0"]
[WhiteElo "2445"]
[BlackElo "2242"]
[PlyCount "67"]
[EventDate "1995.??.??"]
[EventType "swiss"]
[EventRounds "5"]
[EventCountry "CAN"]

1. g3 g6 2. Bg2 Bg7 3. e4 Nc6 4. d3 d6 5. f4 e5 6. Nf3 exf4 7. gxf4 Bg4 8. c3
Qd7 9. h3 Bh5 10. Be3 Nge7 11. Nbd2 O-O 12. Nf1 d5 13. Ng3 Bxf3 14. Qxf3 d4 15.
Bd2 dxc3 16. bxc3 Nb4 17. Ke2 Nec6 18. Rab1 Nxa2 19. e5 Nab4 20. Rxb4 Nxb4 21.
cxb4 Rad8 22. h4 f6 23. h5 fxe5 24. hxg6 hxg6 25. Bh3 Qe7 26. Qe4 Rd4 27. Qxg6
Rf6 28. Nf5 Rxg6 29. Nxe7+ Kf7 30. Nxg6 Kxg6 31. Rg1+ Kf7 32. Bc3 Rd5 33. fxe5
Bxe5 34. Rg5 1-0

[Event "Ottawa op"]
[Site "Ottawa CAN"]
[Date "1995.??.??"]
[Round "2"]
[White "Djerkovic, Miladin"]
[Black "Hergott, Deen"]
[Result "1/2-1/2"]
[WhiteElo "2265"]
[BlackElo "2445"]
[PlyCount "108"]
[EventDate "1995.??.??"]
[EventType "swiss"]
[EventRounds "5"]
[EventCountry "CAN"]

1. e4 e6 2. d4 d5 3. Nc3 Nf6 4. Bg5 Bb4 5. e5 h6 6. Bd2 Bxc3 7. bxc3 Ne4 8. Qg4
g6 9. Bd3 Nxd2 10. Kxd2 c5 11. Nf3 Nc6 12. Rhb1 cxd4 13. cxd4 Qa5+ 14. c3 b6
15. a4 Ba6 16. Bb5 Rc8 17. Qf4 g5 18. Qe3 Ke7 19. h4 g4 20. Ne1 Nb8 21. Rc1
Bxb5 22. axb5 Qxb5 23. Rxa7+ Nd7 24. Qf4 Rhg8 25. Qxh6 g3 26. Qf4 gxf2 27. Qf6+
Ke8 28. Qxf2 f6 29. exf6 Rf8 30. Qe2 Qxe2+ 31. Kxe2 Nxf6 32. Rb7 Ne4 33. Rxb6
Rf2+ 34. Ke3 Kf7 35. c4 Rf1 36. Rbb1 Rg8 37. cxd5 exd5 38. Rb7+ Kg6 39. g4 Re8
40. Rb6+ Nf6+ 41. Kd2 Rf2+ 42. Kd3 Kg7 43. Rc7+ Kf8 44. g5 Ng4 45. Nc2 Rh2 46.
Kc3 Rxh4 47. Rd6 Rh3+ 48. Kb4 Rb8+ 49. Ka5 Ne3 50. Rh6 Nc4+ 51. Ka4 Rxh6 52.
gxh6 Nb2+ 53. Ka3 Nc4+ 54. Ka4 Nb2+ 1/2-1/2

[Event "Ottawa op"]
[Site "Ottawa CAN"]
[Date "1995.??.??"]
[Round "2"]
[White "Hergott, Deen"]
[Black "Saleh, Maher"]
[Result "1-0"]
[WhiteElo "2445"]
[BlackElo "2220"]
[PlyCount "33"]
[EventDate "1995.??.??"]
[EventType "swiss"]
[EventRounds "5"]
[EventCountry "CAN"]

1. d4 Nf6 2. Bg5 d5 3. e3 g6 4. Bxf6 exf6 5. c4 c5 6. cxd5 Qxd5 7. Nc3 Qd8 8.
Nf3 Bg7 9. Bb5+ Bd7 10. dxc5 Qa5 11. Qa4 Qxa4 12. Bxa4 Na6 13. Bxd7+ Kxd7 14.
O-O-O+ Kc6 15. Rd6+ Kxc5 16. Rhd1 f5 17. R1d5+ 1-0

[Event "Ottawa op"]
[Site "Ottawa CAN"]
[Date "1995.??.??"]
[Round "3"]
[White "Hergott, Deen"]
[Black "Ferguson, Jim"]
[Result "1-0"]
[WhiteElo "2445"]
[BlackElo "2200"]
[PlyCount "61"]
[EventDate "1995.??.??"]
[EventType "swiss"]
[EventRounds "5"]
[EventCountry "CAN"]

1. d4 Nf6 2. c4 e6 3. Nc3 Bb4 4. Bg5 h6 5. Bh4 c5 6. d5 b5 7. e4 g5 8. Bg3 Nxe4
9. Qf3 f5 10. Qh5+ Ke7 11. d6+ Kf6 12. Nf3 Nc6 13. cxb5 Nxc3 14. bxc6 Ne4+ 15.
Kd1 Nxg3 16. hxg3 dxc6 17. Kc2 Bd7 18. Rd1 Be8 19. Qh2 Bg6 20. Kc1 Rb8 21. Bc4
Qb6 22. Rd3 Bc3 23. bxc3 Qb2+ 24. Kd1 f4 25. gxf4 Qb1+ 26. Ke2 Qc2+ 27. Ke3
Bxd3 28. fxg5+ Kf7 29. Bxd3 Qxc3 30. Qf4+ Ke8 31. Ne5 1-0

[Event "Ottawa op"]
[Site "Ottawa CAN"]
[Date "1995.??.??"]
[Round "3"]
[White "Hergott, Deen"]
[Black "Johnstone, Glenn"]
[Result "1-0"]
[WhiteElo "2445"]
[BlackElo "2265"]
[PlyCount "35"]
[EventDate "1995.??.??"]
[EventType "swiss"]
[EventRounds "5"]
[EventCountry "CAN"]

1. g3 c5 2. Bg2 Nc6 3. c4 g6 4. Nc3 Bg7 5. a3 e5 6. b4 cxb4 7. axb4 Nxb4 8. Ba3
Bf8 9. Nf3 Nc6 10. d4 exd4 11. Nxd4 Qb6 12. Ndb5 Bxa3 13. Rxa3 Nge7 14. Ne4 O-O
15. Nf6+ Kg7 16. Qa1 Nd4 17. Nd5 Nxd5 18. Bxd5 1-0

[Event "Ottawa op"]
[Site "Ottawa CAN"]
[Date "1995.??.??"]
[Round "4"]
[White "Hergott, Deen"]
[Black "Kamat, Amar"]
[Result "1-0"]
[WhiteElo "2445"]
[BlackElo "2225"]
[PlyCount "87"]
[EventDate "1995.??.??"]
[EventType "swiss"]
[EventRounds "5"]
[EventCountry "CAN"]

1. d4 Nf6 2. Bg5 Ne4 3. Bh4 g5 4. Bg3 Bg7 5. c3 d6 6. Nd2 Nxg3 7. hxg3 Nd7 8.
e3 e5 9. Bd3 Qe7 10. Ne2 h6 11. Bf5 c6 12. g4 exd4 13. cxd4 d5 14. Kf1 Nb6 15.
Ng3 Be6 16. Qc2 O-O-O 17. a4 Na8 18. Nb3 Qb4 19. Nc5 Rhe8 20. Kg1 Bf8 21. Nd3
Qa5 22. Ne5 Qc7 23. Nh5 Kb8 24. Nf6 Bxf5 25. Qxf5 Re6 26. Nh5 Re7 27. a5 c5 28.
g3 cxd4 29. exd4 Rc8 30. Kg2 Qc2 31. Nf6 Qxf5 32. gxf5 Rd8 33. a6 Rd6 34. Nfg4
bxa6 35. Rac1 Kb7 36. f6 Re8 37. Nxf7 Rb6 38. Rhe1 Rxe1 39. Nd8+ Kb8 40. Rxe1
Nc7 41. f7 h5 42. Re8 Bd6 43. Nc6+ Kb7 44. Na5# 1-0

[Event "Ottawa op"]
[Site "Ottawa CAN"]
[Date "1995.??.??"]
[Round "4"]
[White "Taylor, Gordon"]
[Black "Hergott, Deen"]
[Result "1/2-1/2"]
[WhiteElo "2340"]
[BlackElo "2445"]
[PlyCount "36"]
[EventDate "1995.??.??"]
[EventType "swiss"]
[EventRounds "5"]
[EventCountry "CAN"]

1. Nf3 Nf6 2. c4 c5 3. d4 cxd4 4. Nxd4 e6 5. g3 d5 6. Bg2 e5 7. Nf3 d4 8. O-O
Nc6 9. e3 d3 10. Nc3 Bb4 11. Nxe5 Nxe5 12. Qa4+ Nc6 13. Bxc6+ bxc6 14. Qxb4 Bh3
15. Re1 Qd7 16. e4 Qg4 17. e5 O-O-O 18. Re3 Nd5 1/2-1/2

[Event "Ottawa op"]
[Site "Ottawa CAN"]
[Date "1995.??.??"]
[Round "5"]
[White "Hergott, Deen"]
[Black "Taylor, Gordon"]
[Result "1-0"]
[WhiteElo "2445"]
[BlackElo "2340"]
[PlyCount "101"]
[EventDate "1995.??.??"]
[EventType "swiss"]
[EventRounds "5"]
[EventCountry "CAN"]

1. Nf3 Nf6 2. c4 c5 3. Nc3 g6 4. d4 cxd4 5. Nxd4 Nc6 6. e4 d6 7. Be2 Nxd4 8.
Qxd4 Bg7 9. Bg5 O-O 10. Qd2 Be6 11. Rc1 Qa5 12. O-O Rfc8 13. b3 a6 14. f4 b5
15. f5 Bd7 16. e5 b4 17. exf6 bxc3 18. Qxc3 Qxc3 19. Rxc3 exf6 20. Be3 Rab8 21.
Bf3 Bc6 22. Bf4 Bxf3 23. Rcxf3 Rb6 24. Rd1 Rcc6 25. c5 Rxc5 26. Be3 Rbc6 27.
Bxc5 dxc5 28. Rd8+ Bf8 29. Re3 Kg7 30. Ree8 Bd6 31. g4 Kh6 32. Rc8 Rb6 33. fxg6
fxg6 34. Re4 Kg5 35. Kg2 Rb7 36. Rd8 Bf4 37. Rd5+ f5 38. gxf5 gxf5 39. Rxc5 Rd7
40. Re2 Rd6 41. Rf2 Rh6 42. h3 Re6 43. Rc4 Be3 44. h4+ Kf6 45. Rfc2 Ke5 46. Kf3
Kd5 47. Re2 f4 48. Rxf4 Bxf4 49. Rxe6 Kxe6 50. Kxf4 Kd5 51. Kg5 1-0

[Event "RA Winter op"]
[Site "Ottawa CAN"]
[Date "1995.01.??"]
[Round "?"]
[White "Hergott, Deen"]
[Black "Johnstone, Glenn"]
[Result "1-0"]
[WhiteElo "2548"]
[BlackElo "2373"]
[PlyCount "45"]
[EventDate "1995.??.??"]
[EventType "swiss"]
[EventRounds "5"]
[EventCountry "CAN"]

1. Nf3 c5 2. c4 Nf6 3. Nc3 e6 4. g3 b6 5. Bg2 Bb7 6. O-O Be7 7. d4 cxd4 8. Qxd4
d6 9. Rd1 a6 10. b3 Nbd7 11. e4 O-O 12. Ba3 Nc5 13. e5 dxe5 14. Qxd8 Rfxd8 15.
Nxe5 Bxg2 16. Kxg2 Bf8 17. Bxc5 Bxc5 18. Na4 Kf8 19. b4 Bxb4 20. Nxb6 Bc3 21.
Nc6 Bxa1 22. Nxd8 Rb8 23. c5 1-0

[Event "Olympiad"]
[Site "Moscow RUS"]
[Date "1994.12.03"]
[Round "3"]
[White "Kupreichik, Viktor"]
[Black "Hergott, Deen"]
[Result "1-0"]
[WhiteElo "2545"]
[BlackElo "2430"]
[PlyCount "119"]
[EventDate "1994.12.01"]
[EventType "team"]
[EventRounds "14"]
[EventCountry "RUS"]

1. e4 e6 2. d4 d5 3. e5 c5 4. c3 Nc6 5. Be3 Qb6 6. Qd2 Nh6 7. Nf3 Nf5 8. dxc5
Bxc5 9. Bxc5 Qxc5 10. Bd3 O-O 11. O-O a5 12. Na3 d4 13. Bxf5 dxc3 14. Bxh7+
Kxh7 15. Qg5 Kg8 16. Rac1 f6 17. Qh5 Nxe5 18. Nxe5 Qxe5 19. Qxe5 fxe5 20. Rxc3
Bd7 21. Re1 Bc6 22. Rxe5 Bd5 23. Nc4 Rad8 24. Ne3 Bxa2 25. Rxa5 Bb1 26. Rc1 Be4
27. Re5 Bc6 28. Rc2 Kf7 29. f3 Rd4 30. Kf2 Ra8 31. Nc4 Ba4 32. Ke3 Rh4 33. Rc3
Kf6 34. Re4 Rxe4+ 35. Kxe4 Bc6+ 36. Ke3 Ra1 37. h3 Re1+ 38. Kf2 Rb1 39. Rc2 Ba4
40. Rd2 Bc6 41. h4 b5 42. Na3 Rh1 43. Rd4 Ke5 44. Rg4 Kd6 45. Kg3 Rc1 46. b4 e5
47. Rg6+ Kd5 48. Rxg7 Rc3 49. Nb1 Rb3 50. Nd2 Rxb4 51. h5 Rf4 52. h6 Rf8 53. h7
Rh8 54. Ne4 b4 55. Rg8 Rxh7 56. Nf6+ Kc4 57. Nxh7 b3 58. Rb8 Bb5 59. Nf6 b2 60.
Ne4 1-0

[Event "Olympiad"]
[Site "Moscow RUS"]
[Date "1994.12.04"]
[Round "4"]
[White "Spangenberg, Hugo"]
[Black "Hergott, Deen"]
[Result "1/2-1/2"]
[WhiteElo "2530"]
[BlackElo "2430"]
[PlyCount "105"]
[EventDate "1994.12.01"]
[EventType "team"]
[EventRounds "14"]
[EventCountry "RUS"]

1. Nf3 Nf6 2. g3 g6 3. b3 Bg7 4. Bb2 O-O 5. Bg2 c5 6. c4 Nc6 7. O-O d6 8. d4
Ne4 9. Nbd2 Nxd2 10. Qxd2 Bg4 11. d5 Bxf3 12. Bxf3 Qa5 13. Rad1 Qxd2 14. Rxd2
Ne5 15. Bg2 a6 16. Bh3 Rad8 17. f4 Nd7 18. e4 Bxb2 19. Rxb2 b5 20. e5 Nb6 21.
Rc2 Rb8 22. Rf3 bxc4 23. bxc4 Na4 24. Rcf2 Rb1+ 25. Kg2 Rfb8 26. f5 R1b2 27. f6
Rxf2+ 28. Kxf2 Rb2+ 29. Kg1 Rb1+ 30. Bf1 exf6 31. exd6 Nb6 32. Ra3 Kf8 33. Rxa6
Ke8 34. Kg2 Rb2+ 35. Kh3 Kd7 36. Ra7+ Kxd6 37. Rxf7 Nd7 38. Rxh7 Rxa2 39. Rh8
Ne5 40. Re8 Rf2 41. Bg2 g5 42. g4 Rf4 43. Re6+ Kd7 44. Ra6 Rxc4 45. Bf1 Rc3+
46. Kg2 c4 47. Rxf6 Nxg4 48. Rc6 Ne5 49. Re6 Re3 50. Bxc4 Nxc4 51. Rxe3 Nxe3+
52. Kg3 Nxd5 53. Kg4 1/2-1/2

[Event "Olympiad"]
[Site "Moscow RUS"]
[Date "1994.12.05"]
[Round "5"]
[White "Hergott, Deen"]
[Black "Dukaczewski, Piotr"]
[Result "1-0"]
[WhiteElo "2430"]
[BlackElo "2200"]
[PlyCount "81"]
[EventDate "1994.12.01"]
[EventType "team"]
[EventRounds "14"]
[EventCountry "RUS"]

1. g3 Nf6 2. Bg2 g6 3. e4 d6 4. Nc3 c5 5. d3 Bg7 6. f4 Nc6 7. Nf3 e6 8. O-O O-O
9. h3 d5 10. e5 Ne8 11. a3 Nc7 12. b4 cxb4 13. axb4 Nxb4 14. Ba3 a5 15. Ne2 Re8
16. g4 Nc6 17. c4 b5 18. cxb5 Nxb5 19. Bc5 Bd7 20. h4 f6 21. d4 Bf8 22. Bxf8
Rxf8 23. h5 gxh5 24. gxh5 f5 25. h6 Qe7 26. Ng3 Be8 27. Rf2 Qa7 28. Rd2 Nc3 29.
Qe1 Ne4 30. Nxe4 fxe4 31. Ng5 Nxd4 32. Kh1 Bf7 33. Bh3 Kh8 34. Qh4 Bg8 35. Rg1
Nf5 36. Bxf5 Rxf5 37. Nh3 Bf7 38. Rg7 Qe3 39. Rh2 Qf3+ 40. Rhg2 Qh5 41. Rg8+
1-0

[Event "Olympiad"]
[Site "Moscow RUS"]
[Date "1994.12.09"]
[Round "8"]
[White "Rodriguez, Amador"]
[Black "Hergott, Deen"]
[Result "1/2-1/2"]
[WhiteElo "2515"]
[BlackElo "2430"]
[PlyCount "42"]
[EventDate "1994.12.01"]
[EventType "team"]
[EventRounds "14"]
[EventCountry "RUS"]

1. e4 d6 2. d4 Nf6 3. f3 c5 4. d5 g6 5. c4 Bg7 6. Nc3 O-O 7. Bg5 h6 8. Be3 e6
9. Qd2 exd5 10. cxd5 Re8 11. Nge2 h5 12. Nc1 Nbd7 13. Be2 a6 14. a4 Ne5 15. O-O
Rb8 16. Rb1 Qa5 17. N1a2 c4 18. b3 cxb3 19. Rxb3 Nfd7 20. Rfb1 Nc5 21. Rb4 Bd7
1/2-1/2

[Event "Olympiad"]
[Site "Moscow RUS"]
[Date "1994.12.10"]
[Round "9"]
[White "Hergott, Deen"]
[Black "Kobese, Watu"]
[Result "1/2-1/2"]
[WhiteElo "2430"]
[BlackElo "2250"]
[PlyCount "179"]
[EventDate "1994.12.01"]
[EventType "team"]
[EventRounds "14"]
[EventCountry "RUS"]

1. d4 Nf6 2. Nf3 g6 3. c4 Bg7 4. Nc3 O-O 5. e4 d6 6. Be2 e5 7. d5 a5 8. Bg5 h6
9. Bh4 Na6 10. Nd2 Qe8 11. O-O Bd7 12. Rb1 Nh7 13. Kh1 h5 14. f3 Bh6 15. Nb5
Be3 16. a3 Qb8 17. b4 c6 18. Nxd6 Qxd6 19. c5 Qc7 20. d6 Qc8 21. Nc4 Bg5 22.
Bxg5 Nxg5 23. Nxe5 axb4 24. axb4 Qe8 25. Qd4 Ne6 26. Qc3 f6 27. Nxd7 Qxd7 28.
f4 Kg7 29. f5 Ng5 30. e5 Ne4 31. Qd4 gxf5 32. Bxh5 Nc7 33. exf6+ Rxf6 34. g4
Nb5 35. Qe5 Qe6 36. Qxe6 Rxe6 37. gxf5 Rh6 38. Rbe1 Nbc3 39. Rg1+ Kf8 40. Bf3
Nf2+ 41. Kg2 Nd3 42. Re3 Nf4+ 43. Kg3 Ncd5 44. Re4 Nh3 45. Rf1 Ng5 46. Rh4 Rxh4
47. Kxh4 Nxf3+ 48. Rxf3 Kf7 49. Rb3 Kf6 50. b5 Kxf5 51. bxc6 bxc6 52. Rb2 Rh8+
53. Kg3 Rg8+ 54. Kf3 Ke5 55. Rd2 Ke6 56. Re2+ Kd7 57. h4 Rg7 58. Ra2 Kc8 59.
Ra8+ Kb7 60. Rf8 Rh7 61. Kg4 Ka6 62. Kg5 Kb5 63. Kg6 Rd7 64. Rf7 Rd8 65. h5
Kxc5 66. d7 Kd6 67. h6 Nc7 68. h7 Ne6 69. Kf5 Rh8 70. Rf6 Kxd7 71. Rxe6 Rxh7
72. Rg6 Re7 73. Kf4 Kc7 74. Kf3 Kb6 75. Rg1 c5 76. Rb1+ Kc6 77. Rc1 Re5 78. Kf4
Rh5 79. Ke3 Rh4 80. Kd3 Kd5 81. Rg1 Rh3+ 82. Kc2 Kc4 83. Rg4+ Kb5 84. Rf4 c4
85. Rf8 Rh2+ 86. Kc3 Rh3+ 87. Kc2 Kc5 88. Rc8+ Kd4 89. Rd8+ Ke3 90. Kc3 1/2-1/2

[Event "Olympiad"]
[Site "Moscow RUS"]
[Date "1994.12.11"]
[Round "10"]
[White "Rezaei, Reza"]
[Black "Hergott, Deen"]
[Result "0-1"]
[WhiteElo "2255"]
[BlackElo "2430"]
[PlyCount "72"]
[EventDate "1994.12.01"]
[EventType "team"]
[EventRounds "14"]
[EventCountry "RUS"]

1. d4 g6 2. e4 Bg7 3. Nc3 c5 4. Nf3 cxd4 5. Nxd4 Nc6 6. Nb3 d6 7. Be2 Nf6 8.
O-O O-O 9. Bg5 Be6 10. Qd2 a5 11. a4 Rc8 12. Bh6 Bxh6 13. Qxh6 Qb6 14. Rad1 Ne5
15. Bb5 Bc4 16. Rfe1 Bxb5 17. axb5 Nc4 18. Nd5 Nxd5 19. Rxd5 a4 20. Nd4 Rc5 21.
Nf5 gxf5 22. Rd3 f6 23. Rg3+ Kf7 24. exf5 Ke8 25. Qxh7 Re5 26. Rxe5 Nxe5 27. h4
Qd4 28. Rg8 Rxg8 29. Qxg8+ Kd7 30. Qe6+ Kd8 31. Qg8+ Kc7 32. c3 Qxh4 33. b6+
Kxb6 34. Qd8+ Kc5 35. Qc7+ Nc6 36. Qxb7 Qc4 0-1